The role of the military in American foreign policy (Record no. 441964)

000 -LEADER
fixed length control field 00500cam a22001457a 4500
008 - FIXED-LENGTH DATA ELEMENTS--GENERAL INFORMATION
fixed length control field 180718b1954 xxu||||| |||| 00| 0 eng d
082 ## - DEWEY DECIMAL CLASSIFICATION NUMBER
Classification number Dx73 Sa67
100 ## - MAIN ENTRY--PERSONAL NAME
Personal name Sapin, Burton M.
245 ## - TITLE STATEMENT
Title The role of the military in American foreign policy
Statement of responsibility, etc. by Burton M. Sapin and Richard C. Snyder
260 ## - PUBLICATION, DISTRIBUTION, ETC.
Place of publication, distribution, etc. New York
Name of publisher, distributor, etc. Doubleday
Date of publication, distribution, etc. 1954
300 ## - PHYSICAL DESCRIPTION
Extent 84p.
650 ## - SUBJECT ADDED ENTRY--TOPICAL TERM
Topical term or geographic name entry element United States - Foreign relations - 1945-
650 ## - SUBJECT ADDED ENTRY--TOPICAL TERM
Topical term or geographic name entry element Civil supremacy over the military - United States
700 ## - ADDED ENTRY--PERSONAL NAME
Personal name Snyder, Richard C.
Holdings
Withdrawn status Lost status Damaged status Not for loan Permanent Location Current Location Date acquired Full call number Barcode Date last seen Price effective from Koha item type
        Indian Institute of Public Administration Indian Institute of Public Administration 2011-02-22 Dx73 Sa67 1083 2018-07-21 2018-07-21 Book

Powered by Koha